Statystyki dla Wszyscy indywidualni medaliści MŚJ w skokach narciarskich

Kliknij tutaj aby rozwiązać quiz!

Ogólne statystyki

  • Ten quiz został rozwiązany 6 razy
  • Średni wynik to 49 z 140

Statystyki odpowiedzi

RokMiejscowośćMedalNarodowośćZawodnik% Poprawnych
SrebrnyUSAErik Belshaw
100%
BrązowyNiemcyConstantin Schmid
80%
SrebrnyNiemcyConstantin Schmid
80%
2022ZakopaneZłotyAustriaDaniel Tschofenig
80%
BrązowySzwajcariaDominik Peter
80%
BrązowyPolskaJan Habdas
80%
2021LahtiZłotyAustriaNiklas Bachlinger
80%
BrązowyKazachstanSergey Tkachenko
80%
2024PlanicaZłotyAustriaStephan Embacher
80%
2023WhistlerZłotyFinlandiaVilho Palosaari
80%
SrebrnyPolskaAleksander Zniszczoł
60%
SrebrnyWłochyAlex Insam
60%
BrązowyWłochyAndrea Morassi
60%
BrązowySzwajcariaAndreas Kuttel
60%
SrebrnyJaponiaDaiki Ito
60%
SrebrnySłoweniaDomen Prevc
60%
2006KranjZłotyAustriaGregor Schlierenzauer
60%
SrebrnySłoweniaJaka Hvala
60%
2013LiberecZłotySłoweniaJaka Hvala
60%
2014PredazzoZłotyPolskaJakub Wolny
60%
1994BreitenwangZłotyFinlandiaJanne Ahonen
60%
1993HarrachovZłotyFinlandiaJanne Ahonen
60%
2002SchonachZłotyFinlandiaJanne Happonen
60%
2015AłmatyZłotyNorwegiaJohann Andre Forfang
60%
BrązowyEstoniaKaarel Nurmsalu
60%
SrebrnyPolskaKlemens Murańka
60%
SrebrnyPolskaMaciej Kot
60%
2018KanderstegZłotyNorwegiaMarius Lindvik
60%
2004StrynZłotyPolskaMateusz Rutkowski
60%
2010HinterzartenZłotyAustriaMichael Haybock
60%
SrebrnySłoweniaPeter Prevc
60%
BrązowyNorwegiaPhillip Sjoen
60%
SrebrnySłoweniaPrimoz Peterka
60%
SrebrnyWłochyRoberto Cecon
60%
2007PlanicaZłotyCzechyRoman Koudelka
60%
BrązowyJaponiaRyoyu Kobayashi
60%
SrebrnyJaponiaShohei Tochimoto
60%
SrebrnyJaponiaShohei Tochimoto
60%
BrązowyKanadaSteve Collins
60%
1980OrnskoldsvikZłotyKanadaSteve Collins
60%
2019LahtiZłotyNorwegiaThomas Aasen Markeng
60%
SrebrnyAustriaThomas Morgenstern
60%
2003SollefteaZłotyAustriaThomas Morgenstern
60%
2017Park CityZłotyCzechyViktor Polasek
60%
BrązowyFinlandiaVille Larinto
60%
2011OtepaaZłotyBułgariaVladimir Zografski
60%
2008ZakopaneZłotyNiemcyAndreas Wank
40%
SrebrnyNiemcyAndreas Wellinger
40%
SrebrnyAustriaArthur Pauli
40%
2016RasnovZłotyNiemcyDavid Siegel
40%
BrązowyWłochyDiego Dellasega
40%
BrązowyRosjaEvgeniy Klimov
40%
1979Sainte-Anne-de-BeaupreZłotyKanadaHorst Bulau
40%
BrązowyCzechyJan Mazoch
40%
BrązowySłoweniaJurij Tepes
40%
SrebrnySłoweniaJurij Tepes
40%
SrebrnyFinlandiaJussi Hautamaki
40%
BrązowyFinlandiaKalle Keituri
40%
SrebrnyJaponiaKazuhiro Nakamura
40%
BrązowyFrancjaLucas Chevalier-Girod
40%
2009Strbske PlesoZłotyAustriaLukas Muller
40%
BrązowyAustriaManfred Steiner
40%
SrebrnyAustriaManuel Fettner
40%
BrązowyAustriaMarkus Muller
40%
BrązowyFinlandiaMatti Hautamaki
40%
1981SchonachZłotyFinlandiaMatti Nykanen
40%
1996Asiago/GallioZłotyNiemcyMichael Uhrmann
40%
2012ErzurumZłotySłoweniaNejc Dezman
40%
SrebrnyFrancjaNicolas Dessum
40%
SrebrnyAustriaReinhard Schwarzenberger
40%
SrebrnyAustriaStefan Kraft
40%
BrązowyAustriaStefan Kraft
40%
BrązowyCzechosłowacjaTomas Raska
40%
1995GallivareZłotyNorwegiaTommy Ingebrigtsen
40%
1992VuokattiZłotyFinlandiaToni Nieminen
40%
1998Sankt MoritzZłotyAustriaWolfgang Loitzl
40%
BrązowyNiemcyAdrian Tittel
20%
BrązowyNiemcyAlexander Herr
20%
BrązowyAustriaAndreas Strolz
20%
SrebrnyAustriaAndreas Widholzl
20%
1987Asiago/GallioZłotyFinlandiaAri-Pekka Nikkola
20%
BrązowyAustriaBernhard Zauner
20%
BrązowyNorwegiaClas Brede Brathen
20%
BrązowyAustriaClemens Leitner
20%
BrązowyJugosławiaDamjan Fras
20%
SrebrnyAustriaDavid Haagen
20%
SrebrnyAustriaDavid Haagen
20%
BrązowyRFNDieter Thoma
20%
1982MurauZłotyAustriaErnst Vettori
20%
SrebrnyAustriaErnst Vettori
20%
BrązowyAustriaFlorian Liegl
20%
1988SaalfeldenZłotyAustriaHeinz Kuttin
20%
1990Strbske PlesoZłotyAustriaHeinz Kuttin
20%
BrązowyAustriaHubert Neuper
20%
SrebrnyAustriaJonas Schuster
20%
1999SaalfeldenZłotyJaponiaKazuki Nishishita
20%
SrebrnyNiemcyLuca Roth
20%
BrązowyAustriaMartin Hollwarth
20%
1991Reit im WinklZłotyAustriaMartin Hollwarth
20%
BrązowyCzechosłowacjaMiroslav Polak
20%
SrebrnySłoweniaRok Benković
20%
SrebrnyNorwegiaSander Vossan Eriksen
20%
BrązowyAustriaStefan Kaiser
20%
BrązowyAustriaStefan Kaiser
20%
SrebrnySzwajcariaSylvain Freiholz
20%
BrązowyAustriaThomas Thurnbichler
20%
BrązowyFinlandiaTuomo Ylipuli
20%
BrązowyFinlandiaVeli-Matti Lindstrom
20%
2001KarpaczZłotyFinlandiaVeli-Matti Lindstrom
20%
SrebrnyZSRRVladimir Boyarintsev
20%
BrązowyCzechyZbynek Krompolc
20%
SrebrnyAustriaAndi Rauschmeier
0%
BrązowyAustriaAndreas Felder
0%
SrebrnyRFNChristian Rimmel
0%
BrązowyAustriaFalko Krismayr
0%
1983KuopioZłotyAustriaFranz Wiegele
0%
BrązowyAustriaGunther Stranner
0%
BrązowyJaponiaHiroyasu Aizawa
0%
SrebrnyJugosławiaJanez Stim
0%
2005RovaniemiZłotyFinlandiaJoonas Ikonen
0%
SrebrnyFinlandiaJuha Karjalainen
0%
1989HamarZłotyNorwegiaKent Johanssen
0%
BrązowySłoweniaMark Hafnar
0%
SrebrnyFinlandiaMarkku Pusenius
0%
1984TrondheimZłotyCzechosłowacjaMartin Svagerko
0%
SrebrnyNRDMatthias Buse
0%
SrebrnySłowacjaMichal Psenko
0%
SrebrnyNRDMike Arnold
0%
SrebrnyNorwegiaOle Christian Eidhammer
0%
BrązowyFinlandiaOlli Pekkala
0%
SrebrnyAustriaPatrick Streitler
0%
1977Sainte-CroixZłotyCzechosłowacjaPavel Fizek
0%
2020OberwiesenthalZłotyAustriaPeter Resinger
0%
BrązowySzwecjaStaffan Tallberg
0%
SrebrnySzwecjaStaffan Tallberg
0%
SrebrnyCzechosłowacjaTomas Goder
0%
SrebrnyNRDUlrich Pscherra
0%
1986Lake PlacidZłotyWłochyVirginio Lunardi
0%
1985TaschZłotyAustriaWerner Haim
0%
1997CalgaryZłotyNorwegiaWilhelm Brenna
0%

Rozkład punktacji

Percentyl według liczby udzielonych odpowiedzi

Procent ludzi z każdym wynikiem

Twoja historia wyników

Nie rozwiązałeś tego quizu